państwa europy ma czarno-biało - Statystyki

Ogólne statystyki
  • Ten quiz został rozwiązany 7 razy
  • Średni wynik to 32 z 40
Statystyki odpowiedzi
Obrazkowy Odpowiedź % Poprawnych
Portugalia
100%
Albania
86%
Austria
86%
Białoruś
86%
Bośnia
86%
Chorwacja
86%
Cypr
86%
Czarnogóra
86%
Czechy
86%
Dania
86%
Grecja
86%
Hiszpania
86%
Liechtenstein
86%
Litwa
86%
Łotwa
86%
Macedonia
86%
Malta
86%
Niemcy
86%
Norwegia
86%
Polska
86%
Rosja
86%
Rumunia
86%
San Marino
86%
Słowacja
86%
Turcja
86%
Watykan
86%
Węgry
86%
Wielka Brytania
86%
Włochy
86%
Bułgaria
71%
Estonia
71%
Francja
71%
Irlandia
71%
Mołdawia
71%
Serbia
71%
Słowenia
71%
Szwecja
71%
Ukraina
71%
Gibraltar
29%
Luxembourg
14%
Nie znaleziono quizów pasujących do podanych kryteriów
Rozkład punktacji
Procent ludzi z każdym wynikiem
Percentyl według liczby udzielonych odpowiedzi
Twoja historia wyników
Nie rozwiązałeś tego quizu